ბათუმის შოთა რუსთაველის სახელმწიფო უნივერსიტეტის ბიბლიოთეკა

Строительная механика. Специальный курс(динамика и устойчивость сооружений). (ბიბ.ჩანაწერი № 37372)

000 -LEADER
fixed length control field 00735nam a2200217Ia 4500
001 - CONTROL NUMBER
control field 3331
003 - CONTROL NUMBER IDENTIFIER
control field GE_BSU
008 - FIXED-LENGTH DATA ELEMENTS--GENERAL INFORMATION
fixed length control field 181216s||||||||xx |||||||||||||| ||und||
040 ## - CATALOGING SOURCE
Transcribing agency GE_BSU
080 ## - UNIVERSAL DECIMAL CLASSIFICATION NUMBER
Universal Decimal Classification number 624.01/.07(075.8)
100 ## - MAIN ENTRY--PERSONAL NAME
Personal name Киселев,В.А.
245 ## - TITLE STATEMENT
Title Строительная механика. Специальный курс(динамика и устойчивость сооружений).
245 ## - TITLE STATEMENT
Statement of responsibility, etc. Ред. науч. И.А. Медников.
250 ## - EDITION STATEMENT
Edition statement Изд. 2-е. исправл. и дополненное.
260 ## - PUBLICATION, DISTRIBUTION, ETC.
Place of publication, distribution, etc. М.
260 ## - PUBLICATION, DISTRIBUTION, ETC.
Name of publisher, distributor, etc. Стройиздат.
260 ## - PUBLICATION, DISTRIBUTION, ETC.
Date of publication, distribution, etc. 1969.
300 ## - PHYSICAL DESCRIPTION
Extent 429 стр.с илл; 26 см.
653 ## - INDEX TERM--UNCONTROLLED
Uncontrolled term Строительная механика.
942 ## - ADDED ENTRY ELEMENTS (KOHA)
Koha item type წიგნი
ეგზემპლარები
Withdrawn status Lost status Damaged status Not for loan Date acquired Barcode Date last seen Price effective from Koha item type Public note
        2018-12-17 10064 2018-12-17 2018-12-17 წიგნი დარბაზი